|
|
|
|
| LEADER |
00943cam a2200241 7i4500 |
| 001 |
0000056400 |
| 005 |
20210728090000.0 |
| 020 |
|
|
|a 1888799765 (electronic book)
|
| 090 |
0 |
0 |
|a RC377
|b .C67 2003
|
| 100 |
1 |
|
|a Costello, Kathleen
|
| 245 |
1 |
0 |
|a Nursing practice in multiple sclerosis :
|b a core curriculum
|c Kathleen Costello, June Halper, and Colleen Harris.
|
| 300 |
|
|
|a 1 online resource (vi, 122 pages):
|b illustrations, text file, PDF.
|
| 336 |
|
|
|a text
|2 rdacontent
|
| 337 |
|
|
|a computer
|2 rdamedia
|
| 338 |
|
|
|a online resource
|2 rdacarrier
|
| 650 |
0 |
0 |
|a Multiple Sclerosis --
|x nursing
|
| 655 |
0 |
0 |
|a Electronic books
|
| 700 |
1 |
|
|a Halper, June
|
| 700 |
1 |
|
|a Harris, Colleen
|
| 856 |
4 |
2 |
|u http://library.unisel.edu.my/equip-unisel/custom/ebook_catalog/ebook/NursingPracticeinMultipleSclerosisACoreCurriculum.pdf
|
| 997 |
|
|
|a Health Sciences, Faculty
|
| 998 |
|
|
|a Nursing, Diploma
|
| 999 |
|
|
|a EBO0002720
|b EBOOK
|c EBOOK
|e Electronic resources
|